000
00288nam a22001097a 4500
082
_a
515.07 SPO'M
100
_a
GRINSTED, W.H,SPORNER, D.F
_9
57234
245
_a
MATHEMATICS FOR TELECOMMUNICATIONS AND ELECTRICAL ENGINEERING
250
_a
V-1
260
_a
LONDON
_b
ELBS
_c
1965
942
_c
BK
999
_c
567525
_d
567525